All Mediterranean seas - Statistics

General Stats
  • This quiz has been taken 1,374 times
  • The average score is 6 of 16
Answer Stats
Sea % Correct
Adriatic sea
90%
Aegean sea
85%
Ionian sea
67%
Black sea
59%
Balearic sea
48%
Sea of Marmara
46%
Tyrrhenian sea
43%
Ligurian sea
40%
Alboran sea
31%
Mediterranean sea
31%
Sea of Azov
30%
Sea of Sardinia
21%
Libyan sea
19%
Sea of Sicily
14%
Levantine sea
13%
Cilician sea
4%
No matching quizzes found
Score Distribution
Percent of People with Each Score
Percentile by Number Answered
Your Score History
You have not taken this quiz